000 00450ntaaa2200181 4500
003 01
005 20251027202623.0
008 0714s1973 ag 01
040 _aAR-BaBN
_bspa
_cAR-BaBN
_eaacr
_dRIC
082 _a371.0000 C15
100 _aCampbell, Doak S
245 _aEl maestro eficiente
250 _a1 ed.
260 _aBuenos Aires :
_bJunta Bautista de Publicaciones,
_c1947
300 _a161 p
650 _aenseƱanza
_92886
942 _cBK
999 _c21334
_d21334